Aller au contenu

Основы оркестровки. С партитурными образцами из собственных сочинений. Том 1 учебное пособие для спо

Данная книга Н.А. Римского-Корсакова впервые вышла в 1913 году и фактически сразу же была переведена на многие языки мира. И по сей день книга "Основы оркестровки" не теряет своей актуальности, ведь она содержит богатый опыт великого композитора. Опыт этот будет очень полезен в подготовке...

Description complète

Enregistré dans:
Détails bibliographiques
Auteur principal: Римский-Корсаков Н. А.
Format: Книга
Langue:Russian
Publié: Санкт-Петербург Планета музыки 2024
Édition:2-е изд., стер.
Sujets:
Accès en ligne:https://e.lanbook.com/book/366200
https://e.lanbook.com/img/cover/book/366200.jpg
Tags: Ajouter un tag
Pas de tags, Soyez le premier à ajouter un tag!
LEADER 02264nam0a2200289 i 4500
001 366200
003 RuSpLAN
005 20240228125139.0
008 240228s2024 ru gs 000 0 rus
020 |a 978-5-507-48704-2 
040 |a RuSpLAN 
041 0 |a rus 
044 |a ru 
080 |a 78 
084 |a 85.31  |2 rubbk 
245 0 0 |a Основы оркестровки. С партитурными образцами из собственных сочинений. Том 1  |b учебное пособие для спо  |c Римский-Корсаков Н. А. 
250 |a 2-е изд., стер. 
260 |a Санкт-Петербург  |b Планета музыки  |c 2024 
300 |a 128 с. 
504 |a Библиогр.: доступна в карточке книги, на сайте ЭБС Лань 
520 8 |a Данная книга Н.А. Римского-Корсакова впервые вышла в 1913 году и фактически сразу же была переведена на многие языки мира. И по сей день книга "Основы оркестровки" не теряет своей актуальности, ведь она содержит богатый опыт великого композитора. Опыт этот будет очень полезен в подготовке молодых музыкантов. Книга адресована студентам и педагогам музыкальных училищ. This book by N. A. Rimsky-Korsakov first came out in 1913 and, in fact, was immediately translated into many languages. And to this day the book "Principles of Orchestration" is in demand, because it reflects the great composer’s valuable experience. This experience will be very useful in training the young musicians. The book is addressed to students and teachers of music colleges. 
521 8 |a Книга из коллекции Планета музыки - Музыка и театр 
653 0 |a основы оркестровки 
100 1 |a Римский-Корсаков Н. А. 
856 4 |u https://e.lanbook.com/book/366200 
856 4 8 |u https://e.lanbook.com/img/cover/book/366200.jpg 
953 |a https://e.lanbook.com/img/cover/book/366200.jpg 
Cannot write session to /tmp/vufind_sessions/sess_r3l0o9i3idgiiq7eeukbg6notv